Traffic and parking, central business district, Chattanooga, Tennessee /

Saved in:
Bibliographic Details
Corporate Author: Wilbur Smith and Associates.
Format: Book
Language:English
Published: Columbia, S.C. : Wilbur Smith and Associates, 1976.
Subjects:
Tags: Add Tag
No Tags, Be the first to tag this record!
LEADER 00826nam a2200217Ia 4500
001 001058012-3
005 20020606090541.3
008 830422s1976 scue 00000 eng d
035 0 |a ocm09439744 
040 |a FLL  |c FLL 
043 |a n-us-tn 
050 4 |a HE356.5.C53  |b T73x 
245 0 0 |a Traffic and parking, central business district, Chattanooga, Tennessee /  |c prepared for Chattanooga-Hamilton County Regional Planning Commission [by] Wilbur Smith and Associates. 
260 0 |a Columbia, S.C. :  |b Wilbur Smith and Associates,  |c 1976. 
300 |a 60 p. :  |b col. plans ;  |c 28 cm. 
650 0 |a Traffic engineering  |z Tennessee  |z Chattanooga. 
650 0 |a Central business districts  |z Tennessee  |z Chattanooga. 
650 0 |a City planning  |z Tennessee  |z Chattanooga. 
710 2 |a Wilbur Smith and Associates. 
988 |a 20020608 
906 |0 MH